U. S. Steel povedie Babcoke

Bibliographic Details
Format: Article
Language:Slovak
ISSN:1335-4566
Subjects:

MARC

LEADER 00000nab a2200000 a 4500
001 vtls009187545
003 SK-MaSNL
005 20260303043833.0
008 080229c20080229xo drz 0 0slo
038 |a KEVKJB 
040 |a KEVKJB  |b slo  |c KEVKJB  |e AACR2 
041 0 |a slo 
044 |a xo  |c SK 
080 |a 669.1  |2 2001 
245 0 0 |a U. S. Steel povedie Babcoke 
600 1 7 |a Babcoke, George F.,  |d 1957-  |2 kevkjb  |9 1031811 
610 2 7 |a U. S. Steel (Košice, Slovensko)  |x personálne zmeny  |2 kevkjb  |9 1031812 
651 7 |a Košice (Slovensko)  |2 kevkjb  |9 18694 
773 0 |t Košický Korzár  |g Roč. XI, č. 51 (29.2.2008), s. 1  |x 1335-4566 
852 |a KEVKJB  |b KIS3GCP 
999 |c 1698440  |d 1700370